Jazz. Gli uomini, gli strumenti, gli stili 19 (Record n. 100489)
[ formato base ]
| 000 -LEADER | |
|---|---|
| fixed length control field | 05163njm a2200637Ia 4500 |
| 001 - CONTROL NUMBER | |
| control field | 40425 |
| 003 - CONTROL NUMBER IDENTIFIER | |
| control field | IT-RoPAU |
| 005 - DATE AND TIME OF LATEST TRANSACTION | |
| control field | 20220918181130.0 |
| 008 - FIXED-LENGTH DATA ELEMENTS--GENERAL INFORMATION | |
| fixed length control field | 131025s9999 xx 000 0 und d |
| 040 ## - CATALOGING SOURCE | |
| Original cataloging agency | IT-RoPAU |
| 040 ## - CATALOGING SOURCE | |
| Transcribing agency | IT-RoPAU |
| 999 ## - SYSTEM CONTROL NUMBERS (KOHA) | |
| Koha Dewey Subclass [OBSOLETE] | n.d. |
| 100 ## - MAIN ENTRY--PERSONAL NAME | |
| Personal name | AA.VV. |
| 9 (RLIN) | 794 |
| 100 ## - MAIN ENTRY--PERSONAL NAME | |
| Relator term | Autore musica |
| 9 (RLIN) | 21224 |
| 100 ## - MAIN ENTRY--PERSONAL NAME | |
| Miscellaneous information | Codice autore musica SPICS: 12000 |
| 9 (RLIN) | 796 |
| 245 ## - TITLE STATEMENT | |
| Title | Jazz. Gli uomini, gli strumenti, gli stili 19 |
| 250 ## - EDITION STATEMENT | |
| Edition statement | 2a ed. |
| 260 ## - PUBLICATION, DISTRIBUTION, ETC. (IMPRINT) | |
| Place of publication, distribution, etc. | MILANO |
| 260 ## - PUBLICATION, DISTRIBUTION, ETC. (IMPRINT) | |
| Name of publisher, distributor, etc. | FRATELLI FABBRI EDITORI |
| Date of publication, distribution, etc. | 1986 [1a Ed.:1986] |
| 300 ## - PHYSICAL DESCRIPTION | |
| Extent | MUSICASSETTA |
| 300 ## - PHYSICAL DESCRIPTION | |
| Dimensions | 38 minuti (Testo: pag.) |
| 500 ## - GENERAL NOTE | |
| General note | Musica jazz |
| 505 ## - FORMATTED CONTENTS NOTE | |
| Formatted contents note | Cow Cow Boogie [(New York, 3.11.1943) (3:00)] - Flying Home [(New York, 4.10.1945) (3:00)] - Sentimental Journey [(New York, 24.1.1947) (4:00)] - It's Too Soon To Know [(New York, 20.8.1948) (2:00)] - Basin Street Blues [(New York, 20.9.1949) (4:00)] - I'm Waiting For the Junkman [(New York, 20.9.1949) (4:00)] - Sugarfoot [(New York, 6.3.1950) (3:00)] - Someone To Watch Over Me [(New York, 11.9.1950) (4:00)] - My One and Only Love [(New York, 11.9.1950) (4:00)] - I'm Just A Lucky So and So [(New York, 21.2.1946) (3:00)] - I Didn't Mean A Word I Said [(New York, 21.2.1946) (4:00)] |
| 511 ## - PARTICIPANT OR PERFORMER NOTE | |
| Participant or performer note | McGhee John: tr; Doggett Bill: p; Mackay Bernie: chit; Haggart Bob: cb; Blowers Johnny: batt; The Ink Spots: gruppo voc; Fitzgerald Ella: voc; Ella Fitzgerald and Her Orchestra |
| 511 ## - PARTICIPANT OR PERFORMER NOTE | |
| Participant or performer note | Mussilo Ralph: tr; Genduso Charles: tr; Ruggiero Luis: tr; Pritchard William: tbne; Kaufman Bennie: sax; Cooper Sid: sax; Rubin Sid: sax; Feldman Harry: sax; Wechsler Moe: p; White Hy: chit; Giobbe Felix: cb; Gluger Irv: batt; Fitzgerald Ella: voc; Ella Fitzgerald with Vic Schoen and His Orchestra |
| 511 ## - PARTICIPANT OR PERFORMER NOTE | |
| Participant or performer note | Graham Leonard: tr; King Al: tbne; Powell Jimmy: alto; Heywood Eddie: p; Taylor Billy: cb; Purnell William: batt; Fitzgerald Ella: voc; Ella Fitzgerald with Eddie Heywood and His Orchestra |
| 511 ## - PARTICIPANT OR PERFORMER NOTE | |
| Participant or performer note | Fitzgerald Ella: voc; accompagnata da un gruppo comprendente tra gli altri Jacquet Illinois: ten. |
| 511 ## - PARTICIPANT OR PERFORMER NOTE | |
| Participant or performer note | Formazione orchestra incerta comprendente Previn Bernie: tr; Chambers Henderson: tbne; Kyle Billy: p; Oliver Sy: arr; Fitzgerald Ella: voc; Ella Fitzgerald with Sy Oliver and His Orchestra |
| 511 ## - PARTICIPANT OR PERFORMER NOTE | |
| Participant or performer note | Previn Bernie: tr; Faso Tony: tr; Webster Paul: tr; Chambers Henderson: tbne; Yaner Milt: sax; Cooper Sid: sax; Jerome Jerry: sax; Klink Al: sax; Jones Hank: p; Barksdale Everett: cb; Brown Ray: cb; Crawford Jimmy: batt; Fitzgerald Ella: voc; Ella Fitzgerald with Sy Oliver and His Orchestra |
| 511 ## - PARTICIPANT OR PERFORMER NOTE | |
| Participant or performer note | Larkins Ellis: p; Fitzgerald Ella: voc; Ella Fitzgerald with Ellis Larkins |
| 511 ## - PARTICIPANT OR PERFORMER NOTE | |
| Participant or performer note | Kyle Billy: p; Shirley Jimmy: chit; Raglin Junior: cb; Payne Sylvester: batt; Fitzgerald Ella: voc; Ella Fitzgerald with Billy Kyle and His Trio |
| 650 ## - SUBJECT ADDED ENTRY--TOPICAL TERM | |
| Topical term or geographic name as entry element | JAZZ [CASSETTE] |
| Relator term | Codice MATERIA SPICS: 9951 |
| 9 (RLIN) | 1831 |
| 700 ## - ADDED ENTRY--PERSONAL NAME | |
| Personal name | Fitzgerald Ella |
| Dates associated with a name | Codice interprete SPICS: 10784 |
| Relator term | Interprete |
| 9 (RLIN) | 21225 |
| 700 ## - ADDED ENTRY--PERSONAL NAME | |
| Personal name | Raye Don |
| Dates associated with a name | Codice autore musica SPICS: 20467 |
| Relator term | Autore musica |
| Name of part/section of a work | Cow Cow Boogie |
| 9 (RLIN) | 21226 |
| 700 ## - ADDED ENTRY--PERSONAL NAME | |
| Personal name | De Paul G. |
| Dates associated with a name | Codice autore SPICS: 20243 |
| Relator term | Autore |
| Name of part/section of a work | Cow Cow Boogie |
| 9 (RLIN) | 21227 |
| 700 ## - ADDED ENTRY--PERSONAL NAME | |
| Personal name | Carter Benny |
| Dates associated with a name | Codice autore testo/musica SPICS: 10774 |
| Relator term | Autore testo/musica |
| Name of part/section of a work | Cow Cow Boogie |
| 9 (RLIN) | 21228 |
| 700 ## - ADDED ENTRY--PERSONAL NAME | |
| Personal name | Goodman Benny |
| Dates associated with a name | Codice autore musica SPICS: 10538 |
| Relator term | Autore musica |
| Name of part/section of a work | Flying Home |
| 9 (RLIN) | 21229 |
| 700 ## - ADDED ENTRY--PERSONAL NAME | |
| Personal name | Hampton Lionel |
| Dates associated with a name | Codice autore SPICS: 10771 |
| Relator term | Autore |
| Name of part/section of a work | Flying Home |
| 9 (RLIN) | 21230 |
| 700 ## - ADDED ENTRY--PERSONAL NAME | |
| Personal name | Robin Leo |
| Dates associated with a name | Codice autore testo/musica SPICS: 20175 |
| Relator term | Autore testo/musica |
| Name of part/section of a work | Flying Home |
| 9 (RLIN) | 21231 |
| 700 ## - ADDED ENTRY--PERSONAL NAME | |
| Personal name | Green Bernie |
| Dates associated with a name | Codice autore musica SPICS: 15839 |
| Relator term | Autore musica |
| Name of part/section of a work | Sentimental Journey |
| 9 (RLIN) | 21232 |
| 700 ## - ADDED ENTRY--PERSONAL NAME | |
| Personal name | Brown |
| Dates associated with a name | Codice autore SPICS: 20445 |
| Relator term | Autore |
| Name of part/section of a work | Sentimental Journey |
| 9 (RLIN) | 21233 |
| 700 ## - ADDED ENTRY--PERSONAL NAME | |
| Personal name | Homer |
| Dates associated with a name | Codice autore testo/musica SPICS: 20468 |
| Relator term | Autore testo/musica |
| Name of part/section of a work | Sentimental Journey |
| 9 (RLIN) | 21234 |
| 700 ## - ADDED ENTRY--PERSONAL NAME | |
| Personal name | Pits |
| Dates associated with a name | Codice autore musica SPICS: 20469 |
| Relator term | Autore musica |
| Name of part/section of a work | It's Too Soon To Know |
| 9 (RLIN) | 21235 |
| 700 ## - ADDED ENTRY--PERSONAL NAME | |
| Personal name | Egan |
| Dates associated with a name | Codice autore SPICS: 16002 |
| Relator term | Autore |
| Name of part/section of a work | It's Too Soon To Know |
| 9 (RLIN) | 21236 |
| 700 ## - ADDED ENTRY--PERSONAL NAME | |
| Personal name | Whiteman |
| Dates associated with a name | Codice autore testo/musica SPICS: 20470 |
| Relator term | Autore testo/musica |
| Name of part/section of a work | It's Too Soon To Know |
| 9 (RLIN) | 21237 |
| 700 ## - ADDED ENTRY--PERSONAL NAME | |
| Personal name | Williams |
| Dates associated with a name | Codice autore musica SPICS: 20150 |
| Relator term | Autore musica |
| Name of part/section of a work | Basin Street Blues |
| 9 (RLIN) | 21238 |
| 700 ## - ADDED ENTRY--PERSONAL NAME | |
| Personal name | Demetrius |
| Dates associated with a name | Codice autore musica SPICS: 20471 |
| Relator term | Autore musica |
| Name of part/section of a work | I'm Waiting For the Junkman |
| 9 (RLIN) | 21239 |
| 700 ## - ADDED ENTRY--PERSONAL NAME | |
| Personal name | Garland Joe |
| Dates associated with a name | Codice autore musica SPICS: 14425 |
| Relator term | Autore musica |
| Name of part/section of a work | Sugarfoot |
| 9 (RLIN) | 21240 |
| 700 ## - ADDED ENTRY--PERSONAL NAME | |
| Personal name | Vaughn Billy |
| Dates associated with a name | Codice autore SPICS: 15844 |
| Relator term | Autore |
| Name of part/section of a work | Sugarfoot |
| 9 (RLIN) | 21241 |
| 700 ## - ADDED ENTRY--PERSONAL NAME | |
| Personal name | Gershwin Ira |
| Dates associated with a name | Codice autore musica SPICS: 10501 |
| Relator term | Autore musica |
| Name of part/section of a work | Someone To Watch Over Me |
| 9 (RLIN) | 21242 |
| 700 ## - ADDED ENTRY--PERSONAL NAME | |
| Personal name | Gershwin George |
| Dates associated with a name | Codice autore SPICS: 10668 |
| Relator term | Autore |
| Name of part/section of a work | Someone To Watch Over Me - My One and Only Love |
| 9 (RLIN) | 21243 |
| 700 ## - ADDED ENTRY--PERSONAL NAME | |
| Personal name | Ellington Duke |
| Dates associated with a name | Codice autore musica SPICS: 13023 |
| Relator term | Autore musica |
| Name of part/section of a work | I'm Just A Lucky So and So |
| 9 (RLIN) | 21244 |
| 700 ## - ADDED ENTRY--PERSONAL NAME | |
| Personal name | McHugh Jimmy |
| Dates associated with a name | Codice autore musica SPICS: 16297 |
| Relator term | Autore musica |
| Name of part/section of a work | I Didn't Mean A Word I Said |
| 9 (RLIN) | 21245 |
| 700 ## - ADDED ENTRY--PERSONAL NAME | |
| Personal name | Adamson |
| Dates associated with a name | Codice autore SPICS: 20472 |
| Relator term | Autore |
| Name of part/section of a work | I Didn't Mean A Word I Said |
| 9 (RLIN) | 21246 |
| 942 ## - ADDED ENTRY ELEMENTS (KOHA) | |
| Koha item type | MUSICASSETTE |
| Source of classification or shelving scheme | Dewey Decimal Classification |
| Withdrawn status | Lost status | Damaged status | Not for loan | Home library | Current library | Date acquired | Total Checkouts | Full call number | Date last seen | Price effective from | Koha item type | Public note |
|---|---|---|---|---|---|---|---|---|---|---|---|---|
| Buone Condizioni | Not For Loan | SPICS-MEDIATECA | SPICS-MEDIATECA | 25/10/2013 | 40425 | 25/10/2013 | 25/10/2013 | MUSICASSETTE | Progr. Ins.: 14222 / N.Vol.: 1 / Copie: 1 - Copia rara: n.d. / date import: 01.01.2014 - By Epidotti, Trombetti, Vaglietti |